El conquistador de Pascua: Biografía del Hermano Eugenio Eyraud, de los Sagrados Corazones

Zapisane w:
Opis bibliograficzny
1. autor: Ramírez, J. T. (Autor)
Format: Książka
Język:hiszpański
Wydane: Valparaíso Imprenta San José 1944
Wydanie:1a. ed
Hasła przedmiotowe:
Etykiety: Dodaj etykietę
Nie ma etykietki, Dołącz pierwszą etykiete!

MARC

LEADER 00000nam a2200000 a 4500
001 UCJ4356
003 CL-VaPUC
008 070124e19440000CL |||||||||||||||||spa|d
082 0 4 |a 918.3  |b RAM  |2 21 
100 0 |a Ramírez, J. T.  |e author  |9 507865 
245 1 3 |a El conquistador de Pascua: Biografía del Hermano Eugenio Eyraud, de los Sagrados Corazones 
250 |a 1a. ed 
300 |a 2 v 
942 |c BK 
945 |d 20070124 00:00:00  |a rinostro 
260 |a Valparaíso  |b Imprenta San José  |c 1944 
500 |a Ilustraciones y un mapa de la isla 
600 0 7 |a EYRAUD, EUGENIO  |2 CL-VaPUC  |9 507866 
600 0 7 |a PADRES FRANCESES  |2 CL-VaPUC  |9 507867 
650 7 |a BIOGRAFIA  |2 CL-VaPUC  |9 504622 
650 0 |a Misioneros  |9 324171 
650 0 |a Sacerdotes   |9 315705 
650 0 |a Mapas  |9 260844 
651 0 |a Isla de Pascua  |9 261357 
583 |a last modification  |c 20070124 00:00:00  |k Rodrigo Vera 
999 |c 320472  |d 320470 
952 |0 0  |1 0  |4 0  |6 918_300000000000000_RAM_1944  |7 0  |8 X  |9 398997  |a FDOBUD  |b FDOBUD  |d 2019-11-22  |h v.1  |i 1017187  |o 918.3 RAM 1944  |p 1017187  |r 2019-11-22  |w 2019-11-22  |y BK_X  |k BUD 
952 |0 0  |1 0  |4 0  |6 918_300000000000000_RAM_1944  |7 0  |8 X  |9 398998  |a FDOBUD  |b FDOBUD  |d 2019-11-22  |h v.2  |i 1017195  |o 918.3 RAM 1944  |p 1017195  |r 2019-11-22  |w 2019-11-22  |y BK_X  |k BUD